000 00427nam a2200157Ia 4500
008 151213s9999 xx 000 0 und d
100 _aNoshirvan H. JhabvalaII
245 _aDrafting , Pleading, Conveyancing & Personal Ethics
_cNoshirvan H. JhabvalaII
250 _a13th
260 _aMumbai
_bC.Jamndas & Co.
300 _a5823 p.
650 _aLaw
650 _aLaw
700 _aNoshirvan H. JhabvalaII
999 _c3394
_d3394